[Event "AUTO-ADV-4933"]
[Site "http://www.queenalice.com/game.php?id=1872595"]
[Date "2026.4.29"]
[Round "1"]
[White "shmurtz91"]
[Black "Carlos19"]
[Result "1-0"]
[WhiteElo "1884"]
[BlackElo "1608"]

1. e4 e5 2. Bc4 h6 3. Nf3 Nc6 4. c3 Nf6 5. d4 d6 6. dxe5 dxe5 7. Qxd8+ Kxd8 8.
Bxf7 Nxe4 9. Bd5 Nf6 10. Bc4 Bg4 11. Nh4 a6 12. h3 Bd7 13. Be3 b5 14. Be2 b4 15.
O-O a5 16. Ng6 Rg8 17. Bc4 Ne7 18. Bxg8 Nxg6 19. Bf7 Nh8 20. Bc4 c5 21. a3 b3
22. Bxb3 a4 23. Bc2 e4 24. Nd2 g5 25. Nc4 Bb5 26. Rfd1+ Nd7 27. Bxe4 Rc8 28. Nd6
Bxd6 29. Rxd6 Nf7 30. Re6 Bc4 31. Rc6 Rxc6 32. Bxc6 Nfe5 33. Bxa4 Nb6 34. Rd1+
Kc8 35. Bc2 Kb7 36. Bxc5 Bb5 37. Be4+ Bc6 38. Bxc6+ Nxc6 39. b3 Nc8 40. Rd7+ Kb8
41. g4 Ne5 42. Rh7 Nd3 43. Be3 Nd6 44. Rxh6 Nf7 45. Re6 Nde5 46. Re7 Kc8 47.
Bxg5 Kb8 48. Bf4 Kc8 49. Bxe5 1-0

[Event "AUTO-ADV-4933"]
[Site "http://www.queenalice.com/game.php?id=1872610"]
[Date "2026.4.29"]
[Round "1"]
[White "game"]
[Black "shmurtz91"]
[Result "0-1"]
[WhiteElo "1556"]
[BlackElo "1859"]

1. e4 c5 2. Nf3 e6 3. Bc4 Nf6 4. d3 d5 5. exd5 exd5 6. Bb3 Qe7+ 7. Be3 d4 8. O-O
dxe3 9. Re1 Be6 10. Rxe3 Qd6 11. Ng5 Be7 12. Ne4 Nxe4 13. Rxe4 Nc6 14. Nd2 O-O
15. a4 Bf5 16. Re3 Bg5 17. Nc4 Qh6 18. Re1 Bf4 19. Qf3 Qxh2+ 20. Kf1 Qh1+ 21.
Ke2 Nd4+ 0-1

[Event "AUTO-ADV-4933"]
[Site "http://www.queenalice.com/game.php?id=1872611"]
[Date "2026.4.29"]
[Round "1"]
[White "shmurtz91"]
[Black "game"]
[Result "1-0"]
[WhiteElo "1865"]
[BlackElo "1579"]

1. e4 d6 2. d4 e5 3. d5 Nf6 4. Nd2 c5 5. c4 Bd7 6. Ndf3 Nxe4 7. Bd3 f5 8. Bxe4
fxe4 9. Nd2 Na6 10. Nxe4 Qh4 11. Qe2 Bf5 12. Ng3 Nb4 13. Nxf5 Qf6 14. Ne3 g5 15.
a3 Na6 16. Nf3 Bg7 17. Ng4 Qg6 18. Nxg5 O-O-O 19. O-O Bh6 20. Ne6 Rd7 21. Bxh6
Nc7 22. Nf8 Rxf8 23. Bxf8 h5 24. Nxe5 dxe5 25. Qxe5 b6 26. Rad1 Rd8 27. d6 Ne6
28. Be7 Re8 29. d7+ Kb7 30. dxe8=Q Qxe8 31. Qxe6 1-0

[Event "AUTO-ADV-4938"]
[Site "http://www.queenalice.com/game.php?id=1874143"]
[Date "2026.5.30"]
[Round "1"]
[White "shmurtz91"]
[Black "Petruzza"]
[Result "1-0"]
[WhiteElo "1909"]
[BlackElo "1903"]

1. Nf3 d6 2. e4 Nf6 3. Bc4 Nxe4 4. d3 Nc5 5. O-O h5 6. Re1 Bg4 7. h3 Bf5 8. Bg5
f6 9. Nd4 Bxh3 10. b4 fxg5 11. Qf3 Bg4 12. Qf7+ Kd7 13. bxc5 c6 14. cxd6 Kxd6
15. Nc3 b5 16. Re6+ Bxe6 17. Qxe6+ Kc7 18. Qe5+ Qd6 19. Ncxb5+ cxb5 20. Nxb5+
Kc6 21. Nxd6 exd6 22. Qd5+ 1-0